| 000 | 01235nam a2200313 c 4500 | ||
|---|---|---|---|
| 001 | 17522 | ||
| 003 | ES-MaCES | ||
| 005 | 20180205142058.0 | ||
| 008 | 050509s2005 lu d t m000 | spa d | ||
| 035 | _aCES20050004341m | ||
| 040 |
_aES-MaCES _bspa _cES-MaCES |
||
| 110 | 2 |
_92014 _aComisión de las Comunidades Europeas |
|
| 245 | 1 | 0 |
_aPropuesta de Reglamento del Parlamento Europeo y del Consejo por el que se crea un Instituto Europeo de la Igualdad de Género _b: (texto pertinente a efectos del EEE) : SEC(2005)328 _c(presentada por la Comisión) |
| 260 |
_aLuxemburgo _bOficina de Publicaciones Oficiales de las Comunidades Europeas _c2005 |
||
| 300 |
_a43 p. _c30 cm |
||
| 490 | 1 |
_aCOM(05) _v81 final |
|
| 500 | _aTít. tomado de la cub. | ||
| 541 | _cSuscripción conjunta | ||
| 610 | 2 | 4 |
_938913 _aInstituto Europeo de la Igualdad de Género |
| 650 | 4 |
_aigualdad de oportunidades _927183 |
|
| 650 | 4 |
_adiscriminación por razones de sexo _929521 |
|
| 650 | 4 |
_aorganización internacional _926700 |
|
| 653 | 1 | 0 | _aInstituciones comunitarias |
| 650 | 4 |
_926752 _aUE |
|
| 830 | 0 |
_aCOM(05) _v81 final _934085 |
|
| 902 | _aDOC Literatura gris | ||
| 942 |
_2CES _cBK _h6.4. |
||
| 999 |
_c17522 _d17522 |
||